Les Alias de Sylvain-Pierre Durif - Statistiques

Statistiques générales
  • Ce quiz a été pris 272 fois
  • Le résultat moyen est 4 sur 14
Statistiques - réponses
Définitions / Indices / Aides Réponses % Correct
Alter-égo du Jésus Universel (sachant que Jésus est un être exceptionnel, et que notre réponse en est séparée comme étant l'Enseignant de Jésus) Le Christ Cosmique
83%
Personnage prophétique de Saint-Rémi, héritier des Rois de France / papillon pas petit Le Grand Monarque
53%
Nom emprunté à un druide du cycle arthurien Merlin l'Enchanteur
49%
Personnage providentiel / Footballeur argentin le Messie
46%
Divinité ancienne, maître des oiseaux et de toutes les bêtes volantes, il apparaît rarement aux humains et se comporte avec eux comme les divinités de type "sylvain" / Se dit d'un senior rempli de vie L'Homme Vert
44%
Dieu tutélaire des forêts de la Rome antique / Son prénom en latin Sylvanus
35%
Son nom d'homme (ou d'âme) / Prénom féminin, du latin aurum Oriana
23%
Le dernier dans la Prophétie de Saint-Malachie Le Pape Pierre / Petrus Romanus
14%
Souverain de notre pays et de plusieurs territoires Roi de France et du Cosmos
6%
Le prochain Bouddha (ou son surnom Panthera Leo Krugeris de type Albus) Maitreya le Lion Blanc
5%
Le "Verdoyant" du Coran Al Khidr
4%
Maître spirituel accompagnant les Êtres de Lumière de la Confédération des Maïtres du Cœur-Sacré / Autre nom de la réponse précédente, inspiré du "roi de Salem" et "prêtre du Très-Haut" biblique. Melchisédech
3%
Son pseudo dans WoW (?) Sylboss
3%
Élu à la tête du système gouvernemental de son propre projet / Rang au dessus du 1er ministre, d'un plan de dimension universel au nom de sa société fondée en 2004 Président (de la gouvernance planétaire et cosmique) d'Elvita
0%
Aucun quiz correspondant
Distribution des résultats
% des personnes avec chaque résultat
Percentile par nombre de réponses
Votre historique - résultats
Vous n’avez pas pris ce quiz